| 000 | 00444cam a22001337a 4500 | ||
|---|---|---|---|
| 008 | 180718b1975 xxu||||| |||| 00| 0 eng d | ||
| 082 | _aB19x5445 D849 | ||
| 100 | _aD'Souza, Bento Graciano | ||
| 245 |
_aGoan society in transition: a study in social change _cby Bento Graciano D'Souza |
||
| 260 |
_aBombay _bPopular Prakashan _c1975 |
||
| 300 | _aviii, 364p | ||
| 650 | _aGoa, Daman and Diu (India) --Social conditions. | ||
| 650 | _aSocial change | ||
| 999 |
_c419560 _d419560 |
||